000 00891cam a22003017a 4500
003 CHAP
005 20220329141427.0
008 971013s1975 r 00010 d
010 _a67962
011 _a68934
035 _a78408
040 _cCHAP
090 _aFolleto 11838
100 0 0 _aGerhart, John.
_947739
245 1 4 _aThe diffusion of hybrid maize in western Kenya
_b: abridged by CIMMYT
260 _aMéxico, D. F. :
_bCIMMYT,
_c1975
300 _a57 p.
_b; gráfs.
500 _a26-93
590 _aBATCH-UPD
_b10
_c20130110
_lUCH01
_h0739
590 _aBATCH-UPD
_b10
_c20130410
_lUCH01
_h0421
590 _aBATCH-UPD
_b10
_c20130914
_lUCH01
_h1540
590 _aCONVERSION
_b10
_c20130109
_lUCH01
_h1337
650 1 4 _aMaíz
_xHíbridos.
_970974
650 1 4 _aMaíz
_xKenia.
_970999
901 _aBK
942 _cFOLL
949 _aFolleto 11838
_bBC
_cFOLL
_d-31282
_eTS1
_i78408
_si
999 _c67962
_d67962